रोग और उपचार / (Record no. 67687)
[ view plain ]
| 000 -LEADER | |
|---|---|
| fixed length control field | 01168 aa a2200253 4500 |
| 005 - DATE AND TIME OF LATEST TRANSACTION | |
| control field | 20190109114747.0 |
| 008 - FIXED-LENGTH DATA ELEMENTS--GENERAL INFORMATION | |
| fixed length control field | 090529t xxu||||| |||| 00| 0 hin d |
| 010 ## - LCCN (DPL NO) | |
| LC control number | |
| 020 ## - INTERNATIONAL STANDARD BOOK NUMBER | |
| International Standard Book Number | |
| Terms of availability | 150.00 |
| 035 ## - SYSTEM CONTROL NUMBER | |
| System control number | B-502 |
| 035 ## - SYSTEM CONTROL NUMBER | |
| System control number | B-506 |
| 035 ## - SYSTEM CONTROL NUMBER | |
| System control number | B-524, B-000544 |
| 037 ## - SOURCE OF ACQUISITION | |
| Source of stock number/acquisition | पराग प्रकाशन |
| 040 ## - CATALOGING SOURCE | |
| Original cataloging agency | dpl |
| Language of cataloging | HIN |
| 082 ## - DEWEY DECIMAL CLASSIFICATION NUMBER | |
| Classification number | 613 |
| 100 ## - MAIN ENTRY--PERSONAL NAME | |
| Personal name | भारद्वाज, शीतांशु |
| 9 (RLIN) | 1297 |
| 245 ## - TITLE STATEMENT | |
| Title | रोग और उपचार / |
| Statement of responsibility, etc | शीतांशु भारद्वाज |
| 260 ## - PUBLICATION, DISTRIBUTION, ETC. (IMPRINT) | |
| Place of publication, distribution, etc | नई दिल्ली |
| Name of publisher, distributor, etc | पराग प्रकाशन |
| Date of publication, distribution, etc | 2000 |
| 270 ## - ADDRESS | |
| Address | आई-2/16, मेन अंसरी रोड दरियागंज |
| City | नई दिल्ली |
| Postal code | 110002 |
| 300 ## - PHYSICAL DESCRIPTION | |
| Extent | 158पृ |
| Other physical details | सचित्र |
| Dimensions | 22 सेमी (सजिल्द) |
| 942 ## - ADDED ENTRY ELEMENTS (KOHA) | |
| Institution code [OBSOLETE] | dpl |
| Item type | Hindi Books |
| Call number prefix | / भारद्वा |
| Source of classification or shelving scheme | Dewey Decimal Classification |
| Classification part | 616 |
| Call number suffix | भारद्वा |
| Withdrawn status | Lost status | Source of classification or shelving scheme | Damaged status | Not for loan | Collection code | Home library | Current library | Date acquired | Cost, normal purchase price | Total Checkouts | Full call number | Barcode | Date last seen | Cost, replacement price | Koha item type | Source of acquisition |
|---|---|---|---|---|---|---|---|---|---|---|---|---|---|---|---|---|
| Dewey Decimal Classification | Non-fiction | Sarojini Nagar | Sarojini Nagar | 08/06/2012 | 150.00 | 616 भारद्वा | B-502 | 08/06/2012 | 150.00 | Hindi Books | ||||||
| Dewey Decimal Classification | Non-fiction | Sarojini Nagar | Sarojini Nagar | 08/06/2012 | 150.00 | 616 भारद्वा | B-506 | 08/06/2012 | 150.00 | Hindi Books | ||||||
| Dewey Decimal Classification | Non-fiction | Sarojini Nagar | Sarojini Nagar | 08/06/2012 | 150.00 | 2 | 616 भारद्वा | B-524 | 23/12/2022 | 150.00 | Hindi Books | |||||
| Dewey Decimal Classification | Non-fiction | Shahdara Branch | Shahdara Branch | 09/01/2019 | 150.00 | 2 | 616 भारद्वा | B-000544 | 14/01/2019 | 150.00 | Hindi Books | BPPD/PUB |
